Electrical Machines / (Record no. 189482)
[ view plain ]
| 000 -LEADER | |
|---|---|
| fixed length control field | 00966 a2200193 4500 |
| 003 - CONTROL NUMBER IDENTIFIER | |
| control field | Nust |
| 005 - DATE AND TIME OF LATEST TRANSACTION | |
| control field | 20221027143254.0 |
| 020 ## - INTERNATIONAL STANDARD BOOK NUMBER | |
| International Standard Book Number | 978-0-07-069967-0 |
| 040 ## - CATALOGING SOURCE | |
| Transcribing agency | Nust |
| 082 ## - DEWEY DECIMAL CLASSIFICATION NUMBER | |
| Classification number | 621.3104,KOT |
| 100 ## - MAIN ENTRY--PERSONAL NAME | |
| Personal name | D P Kothari--I J Nagrath |
| 9 (RLIN) | 101524 |
| 245 ## - TITLE STATEMENT | |
| Title | Electrical Machines / |
| Statement of responsibility, etc. | D P Kothari--I J Nagrath |
| 250 ## - EDITION STATEMENT | |
| Edition statement | 4th |
| 260 ## - PUBLICATION, DISTRIBUTION, ETC. | |
| Place of publication, distribution, etc. | New Delhi |
| Name of publisher, distributor, etc. | Tata McGraw Hill Education Private Ltd |
| Date of publication, distribution, etc. | 2010 |
| 300 ## - PHYSICAL DESCRIPTION | |
| Extent | xviii,914,p |
| 505 ## - FORMATTED CONTENTS NOTE | |
| Formatted contents note | Introduction (Page-1), Magnetic Circuits & Induction (Page-12), Transformers (Page-48), Principles of Electromagnetic Energy Conversion (Page-158), Basic Concepts in Rotating Machines (Page-197),Armature Windings (Page-273), DC Machines (Page-285), Synchronous Machines (Page-44), Induction Machines (Page-593), Fractional Kilowatt Motors (Page-702), Generalized Theory of Electric Machines (Page-753), Motor Control by Static Power Converters (Page-767). |
| 650 ## - SUBJECT ADDED ENTRY--TOPICAL TERM | |
| Topical term or geographic name entry element | Telecommunication Engineering |
| 942 ## - ADDED ENTRY ELEMENTS (KOHA) | |
| Source of classification or shelving scheme | |
| Koha item type | Book |
| Withdrawn status | Lost status | Source of classification or shelving scheme | Damaged status | Not for loan | Permanent Location | Current Location | Shelving location | Date acquired | Full call number | Barcode | Date last seen | Price effective from | Koha item type | Public note |
|---|---|---|---|---|---|---|---|---|---|---|---|---|---|---|
| Military College of Signals (MCS) | Military College of Signals (MCS) | General Stacks | 12/12/2016 | 621.3104,KOT | MCS35131 | 12/08/2016 | 12/12/2016 | Book | Almirah No.28, Shelf No.6 |
